000
00281nam a2200133Ia 4500
100
_a
Kumbhojkar/ G.V
942
_c
BK
366
_f
15
245
_a
Engineering Mathematics III Mechanical
260
_b
P.Jamnadas
_c
2021
082
_a
510
_b
KUM
546
_a
ENGLISH
999
_c
30438
_d
30438